[Event "XLV C.to Italiano a squadre Master"]
[Site "Bratto - Castione della Presolana ITA"]
[Date "2013.04.27"]
[Round "1"]
[White "Jones, Gawain C.B."]
[Black "Djuric, Stefan"]
[WhiteElo "2654"]
[BlackElo "2471"]
[Result "1-0"]
[PlyCount "100"]
[EventDate "2013.04.27"]

1. e4 e5 2. Nf3 Nc6 3. d4 exd4 4. Nxd4 Bb4+ 5. c3 Be7 6. Nxc6 bxc6 7. e5 d6 8.
Bc4 Bf5 9. Qf3 Qd7 10. Bb5 d5 11. Bxc6 Qxc6 12. Qxf5 Bc5 13. Qg5 Ne7 14. Be3
Bxe3 15. Qxe3 d4 16. cxd4 Qxg2 17. Rf1 Nd5 18. Qd3 Nf4 19. Qc2 Rd8 20. Nd2 Qg4
21. Qc6+ Rd7 22. Nf3 O-O 23. O-O-O Rd5 24. Ng1 Qg2 25. Kb1 Rb8 26. Ka1 h6 27.
Qc1 Qg4 28. Rfe1 Rdb5 29. Rd2 Qg6 30. Re3 Qb6 31. Ne2 Nd5 32. Ra3 Rb4 33. Rc2
a5 34. Rg3 c5 35. a3 Qa6 36. dxc5 Rh4 37. f4 Nb4 38. Rd2 Qe6 39. axb4 axb4 40.
b3 Ra8+ 41. Kb1 Qa6 42. Qb2 Rxh2 43. e6 f6 44. Qxf6 Rh1+ 45. Nc1 Qb7 46. Qf7+
Qxf7 47. exf7+ Kf8 48. Rd7 Rc8 49. Re3 Rh5 50. c6 Rc5 1-0

[Event "XLV C.to Italiano a squadre Master"]
[Site "Bratto - Castione della Presolana ITA"]
[Date "2013.04.27"]
[Round "1"]
[White "Laketic, Gojko"]
[Black "Stella, Andrea"]
[WhiteElo "2420"]
[BlackElo "2477"]
[Result "1/2-1/2"]
[PlyCount "59"]
[EventDate "2013.04.27"]

1. d4 Nf6 2. c4 g6 3. Nc3 d5 4. cxd5 Nxd5 5. Bd2 Nb6 6. Nf3 Bg7 7. Bf4 O-O 8.
Rc1 c5 9. dxc5 Bxc3+ 10. bxc3 Qxd1+ 11. Kxd1 Na4 12. Nd2 Nxc5 13. Nb3 Rd8+ 14.
Kc2 Bf5+ 15. Kb2 Nba6 16. f3 Rac8 17. e4 Be6 18. Bxa6 Nxa6 19. Be3 b6 20. Rhd1
Nb8 21. Rxd8+ Rxd8 22. Nd4 Bc4 23. Rc2 f6 24. Rd2 Kf7 25. Nb3 Rc8 26. f4 Be6
27. Nd4 Nc6 28. Nxc6 Rxc6 29. Rd8 Rc8 30. Rxc8 1/2-1/2

[Event "XLV C.to Italiano a squadre Master"]
[Site "Bratto - Castione della Presolana ITA"]
[Date "2013.04.27"]
[Round "1"]
[White "Lenic, Luka"]
[Black "David, Alberto"]
[WhiteElo "2617"]
[BlackElo "2583"]
[Result "1/2-1/2"]
[PlyCount "117"]
[EventDate "2013.04.27"]

1. d4 Nf6 2. c4 e6 3. Nc3 Bb4 4. e3 O-O 5. Bd3 d5 6. Nf3 c5 7. O-O dxc4 8. Bxc4
Nbd7 9. a3 Bxc3 10. bxc3 b6 11. Bd3 Bb7 12. Re1 Ne4 13. Bb2 Qc7 14. c4 h6 15.
Nd2 Nef6 16. Rc1 Rfd8 17. Qe2 Rac8 18. Bb1 Ba6 19. Qf3 Bb7 20. Qg3 Qxg3 21.
hxg3 Ba6 22. Red1 cxd4 23. exd4 b5 24. c5 Bb7 25. f3 a6 26. Kf2 Ne8 27. a4 bxa4
28. Be4 Bc6 29. Nc4 Ndf6 30. Bxc6 Rxc6 31. Ra1 Rb8 32. Rxa4 Nd5 33. Rda1 Nec7
34. Kg1 Ne7 35. Bc1 Nb5 36. Na5 Rcc8 37. Bf4 Ra8 38. Nc4 Rd8 39. Nd6 Nxd6 40.
Bxd6 Nf5 41. Rxa6 Rac8 42. R1a4 Nxd6 43. cxd6 Kf8 44. g4 g5 45. Rb4 Rd7 46. Kf2
Rc2+ 47. Ke3 Kg7 48. Kd3 Rxg2 49. Rc4 Rf2 50. Ke3 Rb2 51. Rc3 h5 52. gxh5 Kh6
53. d5 Kxh5 54. dxe6 fxe6 55. Rc7 Rxc7 56. dxc7 Rc2 57. Ra7 Kg6 58. Kd3 Rc1 59.
Ke4 1/2-1/2

[Event "XLV C.to Italiano a squadre Master"]
[Site "Bratto - Castione della Presolana ITA"]
[Date "2013.04.27"]
[Round "1"]
[White "Mazzilli, Piero"]
[Black "Bruno, Fabio"]
[WhiteElo "2365"]
[BlackElo "2428"]
[Result "1/2-1/2"]
[PlyCount "86"]
[EventDate "2013.04.27"]

1. d4 d5 2. c4 c6 3. cxd5 cxd5 4. Nc3 Nf6 5. Nf3 a6 6. Bf4 e6 7. e3 Nc6 8. Bd3
Be7 9. Ne5 Bd7 10. O-O b5 11. Qe2 O-O 12. a4 b4 13. Nxc6 Bxc6 14. Nb1 Qd7 15.
Rc1 Rfc8 16. Bxa6 Bb7 17. Rxc8+ Qxc8 18. Bxb7 Qxb7 19. Nd2 Qc6 20. Qd1 h6 21.
h3 Rc8 22. a5 Ra8 23. Nb3 Bd8 24. Rc1 Qb7 25. Ra1 Qb5 26. Qc2 Qc4 27. Rc1 Qxc2
28. Rxc2 Bxa5 29. Nxa5 Rxa5 30. Rc8+ Kh7 31. Rb8 Ne4 32. Bg3 Ra1+ 33. Kh2 Nd2
34. h4 b3 35. Bd6 Ne4 36. Bg3 g5 37. hxg5 hxg5 38. f3 Nd2 39. Be5 Nf1+ 40. Kh3
Nxe3 41. Rh8+ Kg6 42. Rg8+ Kh6 43. Rh8+ Kg6 1/2-1/2

[Event "XLV C.to Italiano a squadre Master"]
[Site "Bratto - Castione della Presolana ITA"]
[Date "2013.04.27"]
[Round "1"]
[White "Olszewski, Michal"]
[Black "Georgiev, Kiril D."]
[WhiteElo "2533"]
[BlackElo "2657"]
[Result "1/2-1/2"]
[PlyCount "73"]
[EventDate "2013.04.27"]

1. Nf3 Nf6 2. c4 e6 3. d4 Bb4+ 4. Nbd2 O-O 5. a3 Be7 6. e4 d6 7. b3 e5 8. Bb2
exd4 9. Nxd4 Nc6 10. Nb5 Nd7 11. Bd3 Nc5 12. Bc2 a6 13. Nc3 Bf6 14. O-O Nd4 15.
Kh1 c6 16. b4 Nce6 17. f4 Nxc2 18. Qxc2 b5 19. Ne2 Bxb2 20. Qxb2 f6 21. Rac1
Bd7 22. cxb5 axb5 23. Nf3 Qe7 24. Rfd1 Rfd8 25. Qd2 Be8 26. Qe3 Qa7 27. Rd3
Qxe3 28. Rxe3 Ra6 29. h3 Bf7 30. Rec3 c5 31. f5 Nf8 32. bxc5 Bc4 33. Ng3 dxc5
34. e5 fxe5 35. Nxe5 Rd5 36. Nxc4 bxc4 37. Rxc4 1/2-1/2

[Event "XLV C.to Italiano a squadre Master"]
[Site "Bratto - Castione della Presolana ITA"]
[Date "2013.04.27"]
[Round "1"]
[White "Qendro, Llambi"]
[Black "Mocchi, Tullio"]
[WhiteElo "2325"]
[BlackElo "2248"]
[Result "1-0"]
[PlyCount "59"]
[EventDate "2013.04.27"]

1. d4 Nf6 2. c4 e6 3. Nf3 b6 4. g3 Bb7 5. Bg2 Bb4+ 6. Bd2 c5 7. Bxb4 cxb4 8. a3
Qe7 9. O-O O-O 10. Nbd2 bxa3 11. Rxa3 d6 12. Qa1 a5 13. b4 Nc6 14. bxa5 Nxa5
15. Rb1 Nd7 16. Ne1 Bxg2 17. Nxg2 Rac8 18. Ra4 Rc7 19. Qa3 Rfc8 20. Ne3 Kf8 21.
Ne4 Nb7 22. Nc3 Rc6 23. Nb5 Rd8 24. Qd3 Kg8 25. Qe4 d5 26. Nxd5 Qg5 27. Ne7+
Qxe7 28. Qxc6 Na5 29. Qc7 Kf8 30. c5 1-0

[Event "XLV C.to Italiano a squadre Master"]
[Site "Bratto - Castione della Presolana ITA"]
[Date "2013.04.27"]
[Round "1"]
[White "Ramondino, Renzo"]
[Black "Sibilio, Mario"]
[WhiteElo "2209"]
[BlackElo "2306"]
[Result "0-1"]
[PlyCount "84"]
[EventDate "2013.04.27"]

1. Nf3 d6 2. d4 Nf6 3. c4 Nbd7 4. Nc3 e5 5. e4 Be7 6. Be2 O-O 7. O-O Re8 8. Qc2
Bf8 9. Rd1 c6 10. Rb1 exd4 11. Nxd4 Nc5 12. f3 a5 13. Kh1 h6 14. b3 g6 15. a3
Qe7 16. b4 axb4 17. axb4 Ne6 18. Nb3 Bg7 19. Be3 Nh5 20. g3 Ng5 21. Bd4 f5 22.
Bxg7 Nxg7 23. c5 dxc5 24. Nxc5 Kh7 25. e5 N5e6 26. Nxe6 Bxe6 27. f4 Red8 28.
Bf3 Rxd1+ 29. Qxd1 Rd8 30. Qe2 Rd4 31. Qb2 Qd7 32. Rd1 Bc4 33. Qf2 Rxd1+ 34.
Nxd1 Ne6 35. Kg2 h5 36. h4 Bd5 37. Ne3 Bxf3+ 38. Qxf3 Qd2+ 39. Kh3 Nd4 40. Qg2
Qxe3 41. Qa2 Kg7 42. Qa7 Qg1 0-1

[Event "XLV C.to Italiano a squadre Master"]
[Site "Bratto - Castione della Presolana ITA"]
[Date "2013.04.27"]
[Round "1"]
[White "Shytaj, Luca"]
[Black "Palac, Mladen"]
[WhiteElo "2469"]
[BlackElo "2565"]
[Result "0-1"]
[PlyCount "90"]
[EventDate "2013.04.27"]

1. e4 c5 2. b3 b6 3. Bb2 Bb7 4. Nc3 a6 5. Qf3 d6 6. O-O-O Nf6 7. g4 e6 8. g5
Nfd7 9. Qg3 b5 10. Re1 Be7 11. f4 Nc6 12. Nf3 Nd4 13. Bg2 O-O 14. h4 Rc8 15. f5
exf5 16. exf5 Nxf5 17. Qh3 b4 18. Qxf5 bxc3 19. Bxc3 Ne5 20. Nxe5 Bxg2 21. Ng4
Bxh1 22. Nf6+ Bxf6 23. gxf6 Re8 24. Rxh1 Re6 25. Rg1 g6 26. Qf4 d5 27. Be5 Qe8
28. Bd6 Qd8 29. Be7 Rxe7 30. fxe7 Qxe7 31. Rg5 Qe4 32. Qd6 d4 33. Rxc5 Rxc5 34.
Qxc5 Qxh4 35. Qc8+ Kg7 36. Qxa6 Qe1+ 37. Kb2 Qxd2 38. a4 h5 39. a5 Qc3+ 40. Kb1
h4 41. Qd6 d3 42. cxd3 Qxb3+ 43. Kc1 Qc3+ 44. Kd1 h3 45. d4 Qxa5 0-1

[Event "XLV C.to Italiano a squadre Master"]
[Site "Bratto - Castione della Presolana ITA"]
[Date "2013.04.27"]
[Round "1"]
[White "Vezzosi, Paolo"]
[Black "Stella, Luca"]
[WhiteElo "2282"]
[BlackElo "2148"]
[Result "1/2-1/2"]
[PlyCount "133"]
[EventDate "2013.04.27"]

1. d4 Nf6 2. c4 g6 3. Nc3 d5 4. Nf3 Bg7 5. Bg5 Ne4 6. cxd5 Nxg5 7. Nxg5 e6 8.
Nf3 exd5 9. e3 c6 10. Bd3 Be6 11. O-O O-O 12. b4 Nd7 13. Rc1 Qe7 14. Qb3 Qd6
15. Rc2 Rfc8 16. Ng5 Bf8 17. Rb1 b6 18. Ba6 Rcb8 19. a4 c5 20. Nb5 Qc6 21. Nxe6
fxe6 22. e4 Rd8 23. exd5 exd5 24. Na3 c4 25. Qf3 Nb8 26. Bb5 Qe6 27. Re2 Qf7
28. Qxf7+ Kxf7 29. a5 a6 30. Ba4 b5 31. Bd1 Nc6 32. Nc2 Bg7 33. Rd2 Bh6 34. f4
Bg7 35. Bf3 Ra7 36. Kf2 Re7 37. g3 Bh8 38. Rbd1 Bg7 39. Rb1 Ree8 40. Rbd1 Rd7
41. Rb1 Ke7 42. Rbd1 Kd6 43. Rb1 Rde7 44. Rbd1 Rf8 45. Kg2 h6 46. h4 Rg8 47.
Rh1 Bf6 48. Bg4 Rge8 49. Rhd1 g5 50. fxg5 hxg5 51. h5 Bg7 52. Rf1 Rf8 53. Rfd1
Re4 54. Bf3 Re7 55. Bg4 Ree8 56. Rh1 Bh6 57. Rf2 Rxf2+ 58. Kxf2 Rf8+ 59. Ke2
Re8+ 60. Kf2 Re4 61. Bf3 Re6 62. Rd1 Rf6 63. Ke2 Re6+ 64. Kf2 Bg7 65. Rd2 Bh8
66. Rd1 Bg7 67. Rd2 1/2-1/2

[Event "XLV C.to Italiano a squadre Master"]
[Site "Bratto - Castione della Presolana ITA"]
[Date "2013.04.28"]
[Round "2"]
[White "Arlandi, Ennio"]
[Black "De Filomeno, Simone"]
[WhiteElo "2440"]
[BlackElo "2336"]
[Result "1/2-1/2"]
[PlyCount "139"]
[EventDate "2013.04.27"]

1. d4 d5 2. c4 c6 3. Nf3 dxc4 4. e3 Be6 5. a4 Nf6 6. Na3 c5 7. Nxc4 cxd4 8.
Nxd4 Bd5 9. f3 e6 10. Be2 Nbd7 11. O-O Rc8 12. b3 Bc5 13. Ba3 Bxc4 14. Bxc4
Bxa3 15. Rxa3 O-O 16. Qe2 Ne5 17. Rc1 Qb6 18. a5 Qd6 19. Raa1 Nxc4 20. bxc4
Rfd8 21. Nb5 Qc5 22. a6 bxa6 23. Rxa6 Nd5 24. Nxa7 Nf4 25. Qf1 Qxe3+ 26. Kh1
Rc7 27. Nc6 Rdc8 28. Re1 Qd2 29. Ne5 f6 30. g3 fxe5 31. gxf4 Rxc4 32. Rxe6 Rc2
33. Qg1 Qxf4 34. Qg3 Qxg3 35. hxg3 Rf2 36. R6xe5 Rxf3 37. Kg2 Rcc3 38. Rg5 h6
39. Rg4 g5 40. Re7 Rfd3 41. Ra7 Rf3 42. Kh2 Rf7 43. Rxf7 Kxf7 44. Ra4 Re3 45.
Kg2 h5 46. Ra6 Re6 47. Ra5 Kf6 48. Kf3 Rb6 49. Rc5 Rb3+ 50. Kf2 Rb2+ 51. Kf1
Rd2 52. Ra5 Rd4 53. Kf2 Re4 54. Kf3 Re5 55. Ra8 Rd5 56. Rf8+ Ke5 57. Re8+ Kd4
58. Rh8 g4+ 59. Kg2 Ke3 60. Re8+ Kd3 61. Ra8 Ke2 62. Re8+ Kd1 63. Re7 Rd2+ 64.
Kf1 Rd3 65. Re5 Rxg3 66. Rd5+ Kc2 67. Rxh5 Kd3 68. Re5 Re3 69. Rg5 Re4 70. Kg2
1/2-1/2

[Event "XLV C.to Italiano a squadre Master"]
[Site "Bratto - Castione della Presolana ITA"]
[Date "2013.04.28"]
[Round "2"]
[White "Bove, Alessandro"]
[Black "Saccone, Fabio"]
[WhiteElo "2358"]
[BlackElo "2318"]
[Result "1/2-1/2"]
[PlyCount "43"]
[EventDate "2013.04.27"]

1. e4 e5 2. Nc3 Nf6 3. Nf3 Nc6 4. Bb5 Bb4 5. O-O O-O 6. d3 d6 7. Bg5 Bxc3 8.
bxc3 Ne7 9. Nh4 Ng6 10. Nxg6 fxg6 11. Bc4+ Kh8 12. f4 h6 13. Bxf6 gxf6 14. f5
Qe8 15. Rf3 g5 16. Rh3 Kg7 17. Rb1 Rh8 18. Rh5 b6 19. Bd5 Rb8 20. Qe2 Bd7 21.
Rf1 Qe7 22. h4 1/2-1/2

[Event "XLV C.to Italiano a squadre Master"]
[Site "Bratto - Castione della Presolana ITA"]
[Date "2013.04.28"]
[Round "2"]
[White "Cheparinov, Ivan"]
[Black "Antoniewski, Rafal"]
[WhiteElo "2702"]
[BlackElo "2557"]
[Result "1-0"]
[PlyCount "57"]
[EventDate "2013.04.27"]

1. e4 c5 2. Nf3 d6 3. d4 cxd4 4. Nxd4 Nf6 5. Nc3 a6 6. Be3 e5 7. Nb3 Be6 8. Qd2
Nbd7 9. O-O-O Rc8 10. f4 b5 11. Kb1 Qc7 12. h3 h5 13. Bd3 h4 14. Rhe1 Be7 15.
Qf2 Qb7 16. Nd5 Nxd5 17. exd5 Bxd5 18. Bf5 Rd8 19. Bd2 O-O 20. Ba5 g6 21. Bxd8
Rxd8 22. Bxd7 Rxd7 23. f5 gxf5 24. Qxf5 Be6 25. Qh5 Bf6 26. Nd2 Qd5 27. b3 Qc6
28. Ne4 Bd8 29. g4 1-0

[Event "XLV C.to Italiano a squadre Master"]
[Site "Bratto - Castione della Presolana ITA"]
[Date "2013.04.28"]
[Round "2"]
[White "Codenotti, Marco"]
[Black "Brunello, Sabino"]
[WhiteElo "2385"]
[BlackElo "2582"]
[Result "1/2-1/2"]
[PlyCount "220"]
[EventDate "2013.04.27"]

1. e4 e5 2. Nf3 Nc6 3. Bb5 a6 4. Ba4 Nf6 5. O-O Be7 6. Re1 b5 7. Bb3 O-O 8. d4
d6 9. c3 Bg4 10. d5 Na5 11. Bc2 c6 12. h3 Bc8 13. dxc6 Qc7 14. Nbd2 Qxc6 15.
Nf1 Be6 16. a4 Rfc8 17. Ng5 Bd7 18. Ne3 h6 19. Nd5 Bd8 20. Nf3 Be6 21. Nxf6+
Bxf6 22. Nh2 b4 23. cxb4 Qxc2 24. bxa5 Qxd1 25. Rxd1 Be7 26. Bd2 Bb3 27. Rdc1
Rxc1+ 28. Rxc1 Bxa4 29. Ng4 Rb8 30. b4 h5 31. Ne3 Bg5 32. Rc3 Kf8 33. f3 Ke8
34. Rd3 Bxe3+ 35. Bxe3 Ke7 36. Bd2 Ke6 37. g4 hxg4 38. hxg4 f6 39. Kf2 g5 40.
Ra3 Bd7 41. Ra1 d5 42. exd5+ Kxd5 43. Rh1 Bc6 44. Rh6 Rf8 45. Be3 Rf7 46. Bc5
e4 47. Rh8 exf3 48. Kxf3 Kc4+ 49. Kg3 f5 50. gxf5 Rxf5 51. Rf8 Re5 52. Rf6 Bb5
53. Rd6 Kb3 54. Bd4 Re4 55. Bc5 Be2 56. Rd4 Re3+ 57. Kf2 Re8 58. Rd2 Bb5 59.
Kg3 Re4 60. Rd4 Re3+ 61. Kg4 Re5 62. Kg3 Kc2 63. Rd6 Be2 64. Rd7 Rf5 65. Re7
Kd3 66. Rd7+ Kc2 67. Re7 Kd1 68. Bf2 Rf3+ 69. Kg2 g4 70. Rd7+ Kc2 71. Rc7+ Kd2
72. Rd7+ Kc3 73. Re7 Bd3 74. Rg7 Rf4 75. Kg3 Rf3+ 76. Kg2 Bf5 77. Bc5 Rh3 78.
Bd6 Rd3 79. Bc5 Kc4 80. Re7 Bd7 81. Re3 Rd1 82. Re4+ Kd5 83. Re2 Kc6 84. Kg3
Rf1 85. Rf2 Rg1+ 86. Rg2 Rd1 87. Re2 Kb5 88. Re5 Rd3+ 89. Re3 Rd5 90. Re7 Kc6
91. Re2 Kc7 92. Bb6+ Kb7 93. Bc5 Kc6 94. Bb6 Kb5 95. Bc5 Bf5 96. Re1 Kc4 97.
Rc1+ Kb3 98. Re1 Kc3 99. Kf4 Bd7 100. Re3+ Kc2 101. Re2+ Kd1 102. Re5 Rd2 103.
Be3 Rd3 104. Rc5 Ke2 105. Rc2+ Kf1 106. Rd2 Rxd2 107. Bxd2 Kf2 108. Be3+ Kg2
109. Bd2 Kf2 110. Be3+ Kg2 1/2-1/2

[Event "XLV C.to Italiano a squadre Master"]
[Site "Bratto - Castione della Presolana ITA"]
[Date "2013.04.28"]
[Round "2"]
[White "David, Alberto"]
[Black "Rusev, Krasimir"]
[WhiteElo "2583"]
[BlackElo "2532"]
[Result "1-0"]
[PlyCount "93"]
[EventDate "2013.04.27"]

1. e4 e6 2. d3 c5 3. Nf3 Nc6 4. g3 g6 5. Bg5 Qb6 6. Qc1 Bg7 7. c3 h6 8. Be3 d5
9. Nbd2 a5 10. Bh3 Nge7 11. O-O d4 12. Nc4 Qc7 13. Bd2 b5 14. Na3 Ba6 15. c4 b4
16. Nb5 Qd8 17. Ne1 a4 18. Bg2 e5 19. f4 exf4 20. gxf4 f5 21. e5 O-O 22. Qd1
Bc8 23. Qf3 Ra6 24. Qg3 Kh7 25. Nf3 Be6 26. Qh3 Kg8 27. Kh1 Na7 28. Nxa7 Rxa7
29. Be1 Qb6 30. Bh4 Kf7 31. Qg3 Rg8 32. Rae1 Bf8 33. Bf6 Ke8 34. Rg1 Kd7 35. h4
Kc8 36. Kh2 Rd7 37. Bh1 Kb8 38. Qg2 Qb7 39. Qh3 Qb6 40. Rg3 Nc8 41. Qg2 Ne7 42.
Rg1 Ra7 43. Bxe7 Rxe7 44. Rxg6 Reg7 45. h5 Rxg6 46. hxg6 Rg7 47. Nxd4 1-0

[Event "XLV C.to Italiano a squadre Master"]
[Site "Bratto - Castione della Presolana ITA"]
[Date "2013.04.28"]
[Round "2"]
[White "Djuric, Stefan"]
[Black "Olszewski, Michal"]
[WhiteElo "2471"]
[BlackElo "2533"]
[Result "0-1"]
[PlyCount "94"]
[EventDate "2013.04.27"]

1. d4 Nf6 2. Nf3 e6 3. c4 c5 4. Nc3 Qb6 5. dxc5 Qxc5 6. Nd4 Qb6 7. a3 Nc6 8. e3
Be7 9. Be2 O-O 10. O-O d5 11. cxd5 exd5 12. Na4 Qc7 13. Bd2 Nxd4 14. exd4 Bd6
15. g3 Ne4 16. Bb4 Bxb4 17. axb4 Qd6 18. Nc5 Bd7 19. Ra3 Rfe8 20. Re1 b6 21.
Nxd7 Qxd7 22. Bf1 Qd6 23. b5 g6 24. Rae3 Qb4 25. R3e2 Rac8 26. Qd3 Kg7 27. f3
Nf6 28. Rxe8 Nxe8 29. Re2 Nd6 30. Re5 Qxb2 31. Rxd5 Qb4 32. g4 Re8 33. Qc2 Re1
34. Kf2 Rb1 35. Qd3 Qe1+ 36. Kg2 Rb2+ 37. Kh3 Qf2 38. g5 Qxh2+ 39. Kg4 Qh5+ 40.
Kf4 Qh2+ 41. Ke3 h5 42. Re5 Qg1+ 43. Kf4 Rh2 44. Re3 Nf5 45. Re8 Qg3+ 46. Ke4
Rh4+ 47. Kd5 Qd6+ 0-1

[Event "XLV C.to Italiano a squadre Master"]
[Site "Bratto - Castione della Presolana ITA"]
[Date "2013.04.28"]
[Round "2"]
[White "Efimov, Igor"]
[Black "Laketic, Gojko"]
[WhiteElo "2426"]
[BlackElo "2420"]
[Result "1/2-1/2"]
[PlyCount "80"]
[EventDate "2013.04.27"]

1. e4 d6 2. Nc3 c5 3. Nge2 e5 4. Nd5 Nc6 5. Nec3 Be7 6. Nb5 Kf8 7. a4 Nf6 8.
Nbc7 Nxd5 9. Nxd5 Bg5 10. Bc4 Be6 11. O-O Ne7 12. d3 Bxc1 13. Qxc1 Bxd5 14.
Bxd5 Nxd5 15. exd5 Qh4 16. f4 Re8 17. Qd2 h5 18. b4 cxb4 19. Qxb4 Rh6 20. Qxb7
exf4 21. Qxa7 Rg6 22. Qf2 Qg5 23. c4 h4 24. Ra2 Rf6 25. Kh1 h3 26. gxh3 f3 27.
Qg3 Qf5 28. Raf2 Re3 29. a5 Qxd3 30. Qh4 Kg8 31. a6 Re4 32. Qxe4 Qxe4 33. a7
Qe8 34. Ra1 Qa8 35. Rb2 Qxa7 36. Rxa7 f2 37. Ra8+ Kh7 38. Ra1 f1=Q+ 39. Rxf1
Rxf1+ 40. Kg2 Rc1 1/2-1/2

[Event "XLV C.to Italiano a squadre Master"]
[Site "Bratto - Castione della Presolana ITA"]
[Date "2013.04.28"]
[Round "2"]
[White "Ferro, Mario"]
[Black "Lapenna, Antonio"]
[WhiteElo "2258"]
[BlackElo "2219"]
[Result "0-1"]
[PlyCount "74"]
[EventDate "2013.04.27"]

1. e4 c5 2. Nf3 e6 3. c3 Nf6 4. Bd3 Nc6 5. O-O d5 6. e5 Nd7 7. Re1 g5 8. g3 g4
9. Nh4 Be7 10. Bb5 Bxh4 11. gxh4 Qxh4 12. d4 a6 13. Bxc6 bxc6 14. Qa4 Bb7 15.
b4 cxd4 16. Bf4 dxc3 17. Nxc3 O-O 18. Ne2 f6 19. Bg3 Qh6 20. b5 axb5 21. Qxg4+
Qg7 22. Qxe6+ Kh8 23. Nf4 Nxe5 24. Nh5 Nf3+ 25. Kf1 Qg5 26. Nf4 Nxe1 27. Rxe1
Qg8 28. Qd7 Rf7 29. Qe6 d4 30. Bh4 Raf8 31. Qf5 Bc8 32. Ne6 Bxe6 33. Rxe6 Qg6
34. Qxg6 hxg6 35. Rxc6 g5 36. Bg3 Rd7 37. Bd6 d3 0-1

[Event "XLV C.to Italiano a squadre Master"]
[Site "Bratto - Castione della Presolana ITA"]
[Date "2013.04.28"]
[Round "2"]
[White "Marin, Mihail"]
[Black "Jones, Gawain C.B."]
[WhiteElo "2552"]
[BlackElo "2654"]
[Result "1/2-1/2"]
[PlyCount "40"]
[EventDate "2013.04.27"]

1. d4 Nf6 2. Nf3 d6 3. g3 g6 4. Bg2 Bg7 5. O-O O-O 6. c4 Nc6 7. Nc3 Rb8 8. d5
Na5 9. b3 a6 10. Qc2 c5 11. Nd2 b5 12. Bb2 bxc4 13. bxc4 e5 14. Rae1 Nh5 15.
Nd1 Bd7 16. e4 f5 17. exf5 Bxf5 18. Be4 Bh3 19. Bg2 Bf5 20. Be4 Bh3 1/2-1/2

[Event "XLV C.to Italiano a squadre Master"]
[Site "Bratto - Castione della Presolana ITA"]
[Date "2013.04.28"]
[Round "2"]
[White "Marinelli, Tullio"]
[Black "D'Amore, Carlo"]
[WhiteElo "2373"]
[BlackElo "2488"]
[Result "0-1"]
[PlyCount "104"]
[EventDate "2013.04.27"]

1. d4 d5 2. c4 c6 3. Nf3 Nf6 4. Nc3 a6 5. cxd5 cxd5 6. Bf4 Nc6 7. e3 Bg4 8. Be2
e6 9. O-O Bd6 10. Bxd6 Qxd6 11. Qb3 b5 12. Rfc1 O-O 13. Qd1 Bxf3 14. Bxf3 Rac8
15. Be2 e5 16. dxe5 Qxe5 17. Bf1 d4 18. exd4 Nxd4 19. Qd3 Rfd8 20. Re1 Qb8 21.
Rad1 b4 22. Ne4 Nc2 23. Nxf6+ gxf6 24. Qxa6 Nxe1 25. Rxe1 Re8 26. Rxe8+ Rxe8
27. Qxf6 Qe5 28. Qc6 Re6 29. Qc1 h6 30. g3 Qd4 31. Bc4 Rf6 32. Qc2 Kg7 33. Bb3
h5 34. h4 Rf3 35. Kf1 Rd3 36. Qc7 Qf6 37. Qc2 Rxg3 38. Qc5 Rf3 39. Bd1 Rf5 40.
Qc2 Rd5 41. a3 bxa3 42. bxa3 Qxh4 43. Bf3 Qh3+ 44. Bg2 Qd3+ 45. Qxd3 Rxd3 46.
a4 Rd1+ 47. Ke2 Ra1 48. Bc6 h4 49. Kf3 Rg1 50. Bd7 Kg6 51. Kf4 Rg5 52. Bh3 Kh5
0-1

[Event "XLV C.to Italiano a squadre Master"]
[Site "Bratto - Castione della Presolana ITA"]
[Date "2013.04.28"]
[Round "2"]
[White "Mazzilli, Piero"]
[Black "Ortega, Lexy"]
[WhiteElo "2365"]
[BlackElo "2491"]
[Result "1/2-1/2"]
[PlyCount "35"]
[EventDate "2013.04.27"]

1. e4 e5 2. Bc4 Nf6 3. d3 c6 4. Nf3 d5 5. Bb3 a5 6. c3 Bd6 7. Bg5 dxe4 8. dxe4
h6 9. Bh4 Qe7 10. Nbd2 Bc7 11. Qb1 Nbd7 12. Nc4 Qc5 13. Ne3 a4 14. Bc2 a3 15.
O-O axb2 16. Qxb2 Ra3 17. Bb3 Ra7 18. Rfe1 1/2-1/2

[Event "XLV C.to Italiano a squadre Master"]
[Site "Bratto - Castione della Presolana ITA"]
[Date "2013.04.28"]
[Round "2"]
[White "Scalcione, Michelangelo"]
[Black "Amato, Andrea"]
[WhiteElo "2339"]
[BlackElo "2264"]
[Result "0-1"]
[PlyCount "80"]
[EventDate "2013.04.27"]

1. d4 d5 2. Nf3 Nf6 3. c4 dxc4 4. e3 Bg4 5. Bxc4 e6 6. Qb3 Bxf3 7. gxf3 Nbd7 8.
Nc3 Nb6 9. Be2 Be7 10. Bd2 O-O 11. O-O-O c5 12. dxc5 Bxc5 13. Ne4 Nxe4 14. fxe4
Qh4 15. f4 Rfd8 16. Bd3 Rd7 17. Kb1 Rad8 18. Bc1 Qh3 19. Bb5 Rd6 20. Rxd6 Rxd6
21. Rg1 Rd8 22. Qc2 Bf8 23. Rg3 Qh5 24. Qe2 Qc5 25. Rg5 Qb4 26. Bd3 Na4 27. Qc2
Nc5 28. a3 Qb6 29. Bc4 Qc6 30. e5 Qh1 31. Be2 Ne4 32. Rg4 Rd2 33. Qc4 b5 34.
Qxb5 Rd5 35. Qa4 Nd2+ 36. Kc2 Rc5+ 37. Kxd2 Qxc1+ 38. Kd3 Qb1+ 39. Kd2 Rd5+ 40.
Kc3 Qe1+ 0-1

[Event "XLV C.to Italiano a squadre Master"]
[Site "Bratto - Castione della Presolana ITA"]
[Date "2013.04.28"]
[Round "2"]
[White "Sibilio, Mario"]
[Black "Dvirnyy, Danyyil"]
[WhiteElo "2306"]
[BlackElo "2538"]
[Result "0-1"]
[PlyCount "76"]
[EventDate "2013.04.27"]

1. d4 Nf6 2. c4 c5 3. d5 b5 4. Qc2 bxc4 5. Nc3 g6 6. e4 d6 7. Bxc4 Bg7 8. Bb5+
Nbd7 9. Nf3 O-O 10. O-O Rb8 11. a4 a6 12. Be2 Re8 13. h3 Rb4 14. Bf4 Bb7 15.
Bh2 e6 16. dxe6 Rxe6 17. Ng5 Re8 18. Rad1 h6 19. Nxf7 Kxf7 20. Bxd6 Nxe4 21.
Nxe4 Rexe4 22. Bxc5 Qc7 23. Rxd7+ Qxd7 24. Bxb4 Rxb4 25. Bc4+ Kf8 26. b3 Rb6
27. Qe2 Qe7 28. Qxe7+ Kxe7 29. Re1+ Kd7 30. Kh2 Rd6 31. Re2 Bd5 32. Bxd5 Rxd5
33. Re3 a5 34. h4 Bd4 35. Rf3 Ke6 36. Rf8 Bf6 37. g3 Rd8 38. Rxd8 Bxd8 0-1

[Event "XLV C.to Italiano a squadre Master"]
[Site "Bratto - Castione della Presolana ITA"]
[Date "2013.04.28"]
[Round "2"]
[White "Stella, Andrea"]
[Black "Caprio, Guido"]
[WhiteElo "2477"]
[BlackElo "2413"]
[Result "0-1"]
[PlyCount "49"]
[EventDate "2013.04.27"]

1. Nf3 c5 2. c4 Nc6 3. g3 g6 4. Nc3 Bg7 5. Bg2 d6 6. O-O e6 7. a3 Nge7 8. Rb1
b6 9. b4 Bb7 10. Qa4 O-O 11. Bb2 Rb8 12. d3 Nf5 13. e3 d5 14. bxc5 bxc5 15.
cxd5 exd5 16. Ba1 Nfe7 17. Qb5 Qd6 18. Na4 Bxa1 19. Rxa1 Rfc8 20. Qxc5 Qf6 21.
d4 Ba6 22. Rfb1 Rxb1+ 23. Rxb1 Qf5 24. Rc1 Nd8 25. Re1 0-1

[Event "XLV C.to Italiano a squadre Master"]
[Site "Bratto - Castione della Presolana ITA"]
[Date "2013.04.28"]
[Round "2"]
[White "Stromboli, Ettore"]
[Black "Contin, Daniel"]
[WhiteElo "2344"]
[BlackElo "2366"]
[Result "0-1"]
[PlyCount "52"]
[EventDate "2013.04.27"]

1. e4 e6 2. d4 d5 3. e5 c5 4. c3 Bd7 5. Nf3 Qb6 6. a3 a5 7. Be2 Nc6 8. O-O Nh6
9. c4 cxd4 10. cxd5 exd5 11. Bxh6 gxh6 12. Nbd2 a4 13. b3 Bf5 14. Re1 d3 15.
Bf1 Bc5 16. e6 fxe6 17. Nh4 Bxf2+ 18. Kh1 Bxh4 19. Qh5+ Kd7 20. Qxh4 axb3 21.
Qf6 Rhe8 22. g4 Bg6 23. Bg2 Qd4 24. Qh4 b2 25. Ra2 Nb4 26. Nf3 Qc3 0-1

[Event "XLV C.to Italiano a squadre Master"]
[Site "Bratto - Castione della Presolana ITA"]
[Date "2013.04.28"]
[Round "2"]
[White "Tomba, Ivan"]
[Black "Misiano, Franco"]
[WhiteElo "2254"]
[BlackElo "2251"]
[Result "1/2-1/2"]
[PlyCount "50"]
[EventDate "2013.04.27"]

1. e4 e6 2. d4 d5 3. e5 c5 4. c3 Nc6 5. Nf3 Qb6 6. a3 c4 7. Nbd2 Na5 8. g3 Bd7
9. Bg2 h6 10. O-O Ne7 11. Re1 O-O-O 12. Rb1 Kb8 13. Nf1 Nb3 14. N3d2 Ba4 15.
Ne3 Nxd2 16. Qxd2 Nc6 17. Qe2 Na5 18. f4 g6 19. g4 h5 20. f5 gxf5 21. gxf5 Bh6
22. Nf1 Bxc1 23. Rbxc1 Rdg8 24. Ne3 Nb3 25. Rcd1 Na5 1/2-1/2